000 00537nam a2200169 i 4500
001 59579
003 ES-MaACL
007 t|
008 031029s1934 sp ||||1| spa d
100 1 _aElosegui, C.
_947090
245 1 0 _aManual de Hemoterapia /
_cC. Elosegui ; con la colaboración de P. Hors y M. Herrero.
260 _aMadrid :
_b[s.n.,
_c1934] (
_fEstades Artes Gráficas)
300 _aXVI, 510 p., 11 lám. :
_bil. ;
_c22 cm.
700 1 _aHors, P.
_964247
700 1 _aHerrero, M.
_963273
852 _aES-MaACL
_jC-6106
_bR.35281
999 _c59579
_d59579